Science, democracy, and Islam/ (Record no. 20149)
[ view plain ]
| 000 -LEADER | |
|---|---|
| fixed length control field | 00690cam a22002531 4500 |
| 001 - CONTROL NUMBER | |
| control field | 6525092 |
| 003 - CONTROL NUMBER IDENTIFIER | |
| control field | BDDh-ASL |
| 005 - DATE AND TIME OF LATEST TRANSACTION | |
| control field | 20231015025842.0 |
| 008 - FIXED-LENGTH DATA ELEMENTS--GENERAL INFORMATION | |
| fixed length control field | 731023s1955 xx 000 0 eng |
| 010 ## - LIBRARY OF CONGRESS CONTROL NUMBER | |
| LC control number | 56000565 |
| 035 ## - SYSTEM CONTROL NUMBER | |
| System control number | (OCoLC)721596 |
| 040 ## - CATALOGING SOURCE | |
| Original cataloging agency | DLC |
| Transcribing agency | NSyU |
| Modifying agency | DLC |
| -- | BDDh-ASL |
| 042 ## - AUTHENTICATION CODE | |
| Authentication code | premarc |
| 050 00 - LIBRARY OF CONGRESS CALL NUMBER | |
| Classification number | JA49 |
| Item number | .H8 |
| 082 ## - DEWEY DECIMAL CLASSIFICATION NUMBER | |
| Classification number | 297.04 |
| Item number | HUS |
| 100 0# - MAIN ENTRY--PERSONAL NAME | |
| Personal name | Humayun Kabir, |
| Dates associated with a name | 1906-1969. |
| 245 10 - TITLE STATEMENT | |
| Title | Science, democracy, and Islam/ |
| Remainder of title | and other essays. |
| 260 ## - PUBLICATION, DISTRIBUTION, ETC. | |
| Place of publication, distribution, etc. | London: |
| Name of publisher, distributor, etc. | G. Allen & Unwin |
| Date of publication, distribution, etc. | [1955] |
| 300 ## - PHYSICAL DESCRIPTION | |
| Extent | 126 p. |
| Dimensions | 23 cm. |
| 650 #0 - SUBJECT ADDED ENTRY--TOPICAL TERM | |
| Topical term or geographic name entry element | Political science. |
| 650 #0 - SUBJECT ADDED ENTRY--TOPICAL TERM | |
| Topical term or geographic name entry element | Philosophy. |
| 906 ## - LOCAL DATA ELEMENT F, LDF (RLIN) | |
| a | 7 |
| b | cbc |
| c | oclcrpl |
| d | u |
| e | ncip |
| f | 19 |
| g | y-gencatlg |
| 942 ## - ADDED ENTRY ELEMENTS (KOHA) | |
| Source of classification or shelving scheme | Dewey Decimal Classification |
| Koha item type | Books |
| Withdrawn status | Lost status | Source of classification or shelving scheme | Damaged status | Not for loan | Collection code | Home library | Current library | Shelving location | Date acquired | Source of acquisition | Total Checkouts | Full call number | Barcode | Date last seen | Copy number | Price effective from | Koha item type | Public note |
|---|---|---|---|---|---|---|---|---|---|---|---|---|---|---|---|---|---|---|
| Dewey Decimal Classification | Not For Loan | Non-fiction | Asiatic Society Library | Asiatic Society Library | General Stacks | 12/26/2020 | ASB Collection | 297.04 HUS | 103557 | 12/26/2020 | C-1 | 12/26/2020 | Books | RARE | ||||
| Dewey Decimal Classification | Not For Loan | Non-fiction | Asiatic Society Library | Asiatic Society Library | General Stacks | 12/30/2020 | ASB Collection | 297.04 HUS | 103803 | 12/30/2020 | C-2 | 12/30/2020 | Books | RARE |